The book of gay & lesbian quotations /

Gardado en:
Detalles Bibliográficos
Outros autores: Smith, Patricia Juliana
Formato: Libro
Idioma:inglés
Publicado: New York : Three Rivers Press, c1999.
Edición:1st ed.
Acceso en liña:Contributor biographical information
Publisher description
Tags: Engadir etiqueta
Sen Etiquetas, Sexa o primeiro en etiquetar este rexistro!

MARC

LEADER 00000cam a2200000 a 4500
001 3562350
003 loc
005 20251029145316.0
008 980901s1999 nyu 001 0 eng
010 |a  98041956  
020 |a 0609802623 
020 |a 9780609802625 
035 |a 3562350 
040 |a DLC  |c DLC  |d DLC 
050 0 0 |a PN6084.G35  |b B66 1999 
082 0 0 |a 808.88/2  |2 21 
245 0 4 |a The book of gay & lesbian quotations /  |c compiled & edited by Patricia Juliana Smith. 
246 3 |a Book of gay and lesbian quotations 
246 3 0 |a Book of gay & lesbian quotations 
250 |a 1st ed. 
260 |a New York :  |b Three Rivers Press,  |c c1999. 
300 |a xii, 415 p. ;  |c 24 cm. 
500 |a "A New England Publishing Associates book." 
500 |a Includes index. 
700 1 |a Smith, Patricia Juliana. 
856 4 2 |3 Contributor biographical information  |u http://www.loc.gov/catdir/bios/random058/98041956.html 
856 4 2 |3 Publisher description  |u http://www.loc.gov/catdir/description/random041/98041956.html 
942 |2 ddc  |c BK 
952 |0 0  |1 0  |2 ddc  |4 0  |6 B_LNR05SMIPABOO11  |7 0  |9 8260  |a MI  |b MI  |d 2005-08-28  |i 4682  |l 0  |o B-LNR05-SMIPA-BOO11  |p CDOM4682  |r 2025-07-17 21:50:23  |w 2025-07-17  |x ACQUISTO  |y BK 
999 |c 6898  |d 6898